| 000 | 00572nam a2200205 a 4500 | ||
|---|---|---|---|
| 001 | BRCA_6353 | ||
| 005 | 20190320205425.0 | ||
| 008 | 180811s1921----gw-#######---#000-0#ger-# | ||
| 041 | _ager | ||
| 044 | _agw | ||
| 050 | 4 |
_aML410 _b.W19 K29 _c1921 |
|
| 100 | 1 |
_aKapp, Julius _d1883-1962 _915925 |
|
| 245 | 1 | 0 |
_aRichard Wagner und die Frauen _bEine erotische Biographie _cvon Dr. Julius Kapp. |
| 260 |
_aBerlĂn _bSchuster & Loeffler _c1921 |
||
| 300 |
_a276 p. _c19 cm. |
||
| 500 | _aK131 | ||
| 600 | 1 | 4 |
_aWagner, Richard _d1813-1883 _915926 |
| 902 | _aGFM | ||
| 942 |
_2lcc _cB |
||
| 999 |
_c6039 _d6039 |
||